Медико-санитарные отчеты

Доступно только в Электронных читальных залах Найти на картеНа карте
RUSMARC
00003713nmc2a22002413x 450
001c0551d51-d7c1-4f4f-b2a7-a01d7775a8be
00520220406105054.0
100##$a20211206l19121913k l0rusy0189 ca
1010#$arus
102##$aRU
105##$ae###
1222#$ad
2001#$aМедико-санитарные отчеты
$j1912 г. - 26 октября 1913 г.
$hЧасть 3
215##$a326 л.
$cплан.
$d36,5х26 см
251##$cДело
300##$aДело
371##$aДокумент не является опубликованным и широко распространяемым
461#0$1001a74412a3-3cc5-4d21-8f0a-dfe2fbd9e72d
$12001
$aДепартамент народного просвещения Министерства народного просвещения (1803-1917)
$1251
$cФонд
$1852
$j733
462#0$1001cd96d67f-e8ec-43e9-9e47-a30a396514d9
$12001
$aДела врачебно-санитарной части учебных заведений Министерства народного просвещения
$1251
$cОпись
$1852
$j199
801#0$aRU
$bРГИА
$c20211206
$gRCR
801#1$aRU
$bГлавНИВЦ
$c20211206
$2rusmarc
801#2$aRU
$bПБ им. Б.Н. Ельцина
$c20220406
$gRCR
$2rusmarc
850##$aРГИА
852##$aРГИА
$eФедеральное казенное учреждение "Российский государственный исторический архив" (РГИА)
$j250
937##$hРГИА
$d12370292
$aASBIBLIO_SCAN
035##$aRusGRCC00037902
856##$uhttp://readingroom.main.prlib.ru/item.aspx?id_node=n175311836&mode=full
Формат отображения